| 000 | 01050nam a2200277Ia 4500 | ||
|---|---|---|---|
| 003 | OSt | ||
| 005 | 20221005105835.0 | ||
| 006 | a|||||r|||| 00| 0 | ||
| 007 | ta | ||
| 008 | 221004b |||||||| |||| 00| 0 urd d | ||
| 020 |
_a8126004797 (pbk) _c250 |
||
| 024 | _a93041 | ||
| 037 |
_b525, 19/03/2009, Vani Prakashan _cTextual |
||
| 040 |
_aCRL _cCRL _burd |
||
| 041 |
_2urd _aurd |
||
| 082 | _aO168,1N27x, 152N9 | ||
| 100 | _aमोहम्मद अल्वी | ||
| 245 | 0 | _aचौथा आसमान | |
| 246 | _aChauthā āsamāna | ||
| 260 |
_aनई दिल्ली _bसाहित्य अकादमी भारत _c1999 |
||
| 300 |
_a174पृ0 _ccm. |
||
| 490 | _aसाहित्य अकादेमी से पुरस्कृत उर्दू काव्य - संग्रह | ||
| 650 | _aउर्दू साहित्य | ||
| 942 |
_hO168,1N27x, 152N9 _cTEXL _2cc |
||
| 999 |
_c1017047 _d1017047 |
||